000 00296nam a22001337a 4500
008 170619b xxu||||| |||| 00| 0 eng d
020 _a0136866425
041 _aeng
080 _a32
100 _a20
101 _aSHP
245 _aPOWER AND CLASS IN AFRICA
_cMARKOVITZ.D
942 _2udc
_cBK
999 _c18052
_d18052